A erupção do Karamako (Registo nº 3812)

Detalhes MARC
000 -Etiqueta do registo
Cabeçalho 00823nam0a2200265 4500
005 - Identificador da versão
Campo de controlo 20240813122044.0
010 ## - Número internacional normalizado dos livros (ISBN)
Número (ISBN) 9725531590
021 ## - Número do Depósito Legal
Código do país PT
Número 138632/99
100 ## - Dados gerais de processamento
Dados gerais de processamento 20170317d1999 a y1pory5003 ba
102 ## - Pais de publicação ou produção
País de publicação Portugal
101 1# - Língua de publicação
Língua do texto, banda sonora, etc. Português
Língua do documento no original Francês
215 ## - Descrição física 
Indicação específica da natureza do documento e extensão da espécie 58 p.
Outras indicações físicas il. color
200 1# - Titulo e menção de responsabilidade
Título próprio A erupção do Karamako
Primeira menção de responsabilidade Hergé
225 1# - Colecção 
Título próprio da colecção Aventuras de Joana, João e do macaco Simão
Indicação de volume 3
210 ## - Publicação, Distribuição, etc. 
Lugar da edição, distribuição, etc. [S.l.]
Nome do editor, distribuidor, etc. Verbo
Data da publicação, distribuição, etc. D. L. 1999
314 ## - Notas relativas a responsabilidade intelectual 
Texto da nota Hergé é pseudónimo de Georges Prosper Remi
517 ## - Outras variantes do título
Variant Title <O >raio misterioso. Episódio 2
606 ## - Nome comum usado como assunto
Número de registo de entrada de autoridade 0001811
Palavra de ordem Literatura belga em língua francesa
Subdivisão de assunto Banda desenhada
Código do sistema CA
675 ## - Classificação Decimal Universal (CDU)
Notação 821.133.1(493)(084.11)
Edição 3ª ed.
Língua da edição por
700 #0 - Nome de autor-pessoa física (responsabilidade principal)
Número de registo de entrada de autoridade 0001816
Palavra de ordem Hergé
Elementos de identificação ou distinção pseud.
Datas 1907-1983
966 ## - Identificação da Biblioteca
Sigla EBVEN
942 ## - Elementos de entrada adicionados (Koha)
Tipo de item no Koha Livro
Exemplares
Situação do levantamento Origin of item (home branch) (coded) Biblioteca de empréstimo Código de barras Cota Circulation type (not for loan) Tipo de documento Nota do exemplar Damaged status
  Biblioteca Escolar das Vendas Biblioteca Escolar das Vendas BEV572 8BD HER   Livro Sem mensagem